000 00515nam a2200169 i 4500
001 21813
003 ES-MaACL
005 20251004063047.0
007 t|
008 021127s1965 sp ||||1| spa d
100 0 _aAlmarcha Hernández, Luis,
_cObispo de león
_920098
245 1 0 _aArte sacro
_b: doctrina y normas /
_cLuis Almarcha Hernández.
260 _aLeón :
_b[s.n.,
_c1965] (
_fImp. Católica)
300 _a83 p. ;
_c22 cm.
852 _aES-MaACL
_jC-29615
_bR.58114
999 _c21813
_d21813